Word Ladder: Adam Sandler Quiz Stats

 Plays Quiz Updated May 8, 2013

Support Sporcle.
Go Orange.
Score 0/25 Timer 02:00
0 Plays Today
Clue 4-Letter Word % Correct
Opposite of easyHARD
97.4%
A bee's homeHIVE
97%
★Adam Sandler Skit Show: Saturday Night ____★LIVE★
96.7%
An animal similar to a rabbitHARE
95.3%
A farm buildingBARN
95.2%
★Adam Sandler Movie: The Longest ____★YARD★
94.7%
Wet with your tongueLICK
94.5%
Bugs that get into your hairLICE
94.4%
Golf course vehicleCART
94.4%
To pay someone to work for youHIRE
94.2%
Final place in a raceLAST
93.5%
Heavy knitting stringYARN
93.4%
Ace of spades or three of clubs, e.g.CARD
93.1%
Clue 4-Letter Word % Correct
★Adam Sandler Movie: ____ Go With It★★JUST★
91.6%
One of the 7 Deadly SinsLUST
90.4%
The performers in a playCAST
90%
Shakespeare, for oneBARD
85.5%
To not have enough of what you needLACK
84.3%
A small tablet of medicinePILL
84.2%
Make a jokeJEST
77.6%
An annoying personPEST
73.9%
Fur removed from an animalPELT
72.8%
___-mell: in a confused mannerPELL
69.4%
★ Adam Sandler Movie: ____ and [Last]★★JACK★
67.5%
★Adam Sandler Movie: [First Rung] and ____★JILL★
65.1%

Today's Daily Dose

Word Ladder
ING Words

Get the Picture
Nearest Volcano

From the Vault

Borders of Italy (1861-)

by Edelweiss

History 8m
For some reason we keep trying to type in Narnia.
Remove Ads.
Support Sporcle.
Get the best of Sporcle when you Go Orange. This ad-free experience offers more features, more stats, and more fun while also helping to support Sporcle. Thank you for becoming a member.

Show Comments

Extras

Top Quizzes Today


Score Distribution

Your Account Isn't Verified!

In order to create a playlist on Sporcle, you need to verify the email address you used during registration. Go to your Sporcle Settings to finish the process.

Report this User

Report this user for behavior that violates our Community Guidelines.

Details: